[Event "LiSB-ch Seniors"]
[Site "Sittard"]
[Date "2003.12.06"]
[Round "4"]
[White "Verstappen, Theo"]
[Black "Coort, Jo"]
[Result "1/2-1/2"]
[WhiteElo "1565"]
[BlackElo "1540"]
[PlyCount "105"]
[EventDate "2003.11.29"]
[EventType "swiss"]
[EventRounds "5"]
[EventCountry "NED"]
[SourceTitle "EXT 2009"]
[Source "ChessBase"]
[SourceDate "2008.11.26"]
[SourceVersion "1"]
[SourceVersionDate "2008.11.26"]
[SourceQuality "1"]

1. e4 c5 2. Nf3 Nc6 3. d4 cxd4 4. Nxd4 e6 5. Nc3 Bb4 6. Nxc6 bxc6 7. Bd2 Nf6 8. Bd3 e5 9. 0-0 0-0 10. a3 Be7 11. Re1 d6 12. h3 Nd7 13. Ne2 Nc5 14. Ng3 f5 15. exf5 Nxd3 16. cxd3 Bh4 17. Ne4 Bxf5 18. Rc1 Bxe4 19. Rxe4 Bxf2+ 20. Kh1 Qd7 21. Rg4 Rf7 22. Qb3 d5 23. Bb4 Rb8 24. Qc2 Be3 25. Rb1 Rf2 26. Qb3 Bd4 27. Qd1 c5 28. Bc3 Qf7 29. Bxd4 exd4 30. Qc1 Qe7 31. Qg5 Qxg5 32. Rxg5 Rd8 33. Kg1 Re2 34. Rg3 c4 35. dxc4 dxc4 36. Rc1 Rxb2 37. Rxc4 d3 38. Rc1 Rc2 39. Rd1 d2 40. Rf3 Rc1 41. Rff1 Rc3 42. Rf3 Rxf3 43. gxf3 Rd3 44. Kf2 Rxa3 45. Rxd2 Kf7 46. Ke2 Ra5 47. Ke3 Kf6 48. Rd7 Kg6 49. Ke4 h6 50. f4 Rf5 51. Rxa7 Rf7 52. Rxf7 Kxf7 53. Kf5 1/2-1/2

[Event "LiSB-ch Seniors"]
[Site "Stein"]
[Date "2002.12.07"]
[Round "4"]
[White "Werts, Ruud"]
[Black "Verstappen, Theo"]
[Result "1-0"]
[WhiteElo "1595"]
[BlackElo "1524"]
[PlyCount "75"]
[EventDate "2002.11.30"]
[EventType "tourn"]
[EventRounds "5"]
[EventCountry "NED"]
[SourceTitle "EXT 2013"]
[Source "ChessBase"]
[SourceDate "2012.11.22"]
[SourceVersion "1"]
[SourceVersionDate "2012.11.22"]
[SourceQuality "1"]

1. c4 c5 2. Nc3 Nc6 3. e4 e6 4. Nf3 Nf6 5. Be2 d6 6. 0-0 Be7 7. d4 cxd4 8. Nxd4 0-0 9. Be3 Bd7 10. Ndb5 Be8 11. a3 a6 12. Nd4 Nxd4 13. Bxd4 e5 14. Be3 Bc6 15. Qc2 Qc7 16. Rac1 Rfd8 17. Qd3 Rac8 18. b4 b6 19. Nd5 Qb7 20. f3 Bxd5 21. cxd5 Rxc1 22. Rxc1 b5 23. Rc6 h6 24. Qc2 Ne8 25. Rb6 Qa8 26. Qc6 Qxc6 27. dxc6 Nc7 28. Rb7 Rc8 29. f4 Kf8 30. Bg4 Ne6 31. Bxe6 fxe6 32. c7 Ke8 33. Rb6 d5 34. Rxa6 Rxc7 35. Rb6 exf4 36. Bxf4 Rc3 37. Rxb5 Rxa3 38. Rb8+ 1-0

[Event "LiSB-ch Seniors"]
[Site "Stein"]
[Date "2002.12.01"]
[Round "2"]
[White "Blankertz, Harald"]
[Black "Verstappen, Theo"]
[Result "0-1"]
[WhiteElo "1254"]
[BlackElo "1524"]
[PlyCount "129"]
[EventDate "2002.11.30"]
[EventType "tourn"]
[EventRounds "5"]
[EventCountry "NED"]
[SourceTitle "EXT 2013"]
[Source "ChessBase"]
[SourceDate "2012.11.22"]
[SourceVersion "1"]
[SourceVersionDate "2012.11.22"]
[SourceQuality "1"]

1. c4 c5 2. g3 Nf6 3. Bg2 e6 4. e3 d5 5. Ne2 Nc6 6. d4 dxc4 7. Nbc3 cxd4 8. exd4 Be7 9. 0-0 0-0 10. Be3 Bd7 11. Nf4 Qa5 12. d5 exd5 13. Nfxd5 Rad8 14. b3 Be6 15. Qc2 Nxd5 16. Bxd5 Bxd5 17. Nxd5 Rxd5 18. Qxc4 Rfd8 19. Qe2 Bf6 20. Rab1 Nd4 21. Bxd4 Rxd4 22. Qf3 Qb6 23. a4 h6 24. Kg2 Qc6 25. Qxc6 bxc6 26. Rfc1 Rc8 27. b4 Rdd8 28. Rc5 Bd4 29. Rc4 Bf6 30. Rbc1 Be7 31. b5 c5 32. a5 Rd2 33. Rb1 Ra2 34. b6 axb6 35. axb6 Rb8 36. Rb5 Ra6 37. b7 Ra7 38. h4 Raxb7 39. Rxb7 Rxb7 40. Ra4 Rc7 41. Rc4 Rb7 42. Ra4 Rb4 43. Ra8+ Kh7 44. Rc8 c4 45. Kh3 Bf6 46. f4 Bb2 47. Kg4 c3 48. Kf3 Rd4 49. Ke3 Rd1 50. Ke2 Rh1 51. Ke3 Rh2 52. Kd3 Rg2 53. Rc7 Rxg3+ 54. Kc2 f6 55. Rc4 Rh3 56. f5 Rf3 57. Kb1 Rxf5 58. Rg4 Rf1+ 59. Kc2 f5 60. Rc4 f4 61. h5 f3 62. Rf4 f2 63. Rf3 Rc1+ 64. Kd3 f1Q+ 65. Rxf1 0-1

[Event "LiSB-ch Seniors"]
[Site "Stein"]
[Date "2002.12.01"]
[Round "3"]
[White "Verstappen, Theo"]
[Black "Montforts, Ton"]
[Result "0-1"]
[WhiteElo "1524"]
[BlackElo "1626"]
[PlyCount "128"]
[EventDate "2002.11.30"]
[EventType "tourn"]
[EventRounds "5"]
[EventCountry "NED"]
[SourceTitle "EXT 2013"]
[Source "ChessBase"]
[SourceDate "2012.11.22"]
[SourceVersion "1"]
[SourceVersionDate "2012.11.22"]
[SourceQuality "1"]

1. e4 c5 2. Nf3 Nc6 3. d4 cxd4 4. Nxd4 g6 5. Nc3 Bg7 6. Be3 Nf6 7. Be2 0-0 8. 0-0 a6 9. Rb1 Qc7 10. f4 d6 11. f5 Bd7 12. Qd2 Nxd4 13. Bxd4 Bc6 14. Bxf6 Bxf6 15. Bd3 Rac8 16. Nd5 Bxd5 17. exd5 Qc5+ 18. Kh1 Qxd5 19. fxg6 hxg6 20. Qh6 Qg5 21. Qxg5 Bxg5 22. b3 d5 23. Rbe1 Bf6 24. c4 dxc4 25. Bxc4 Kg7 26. h3 Rfd8 27. Rd1 b5 28. Bd5 Rc2 29. a4 bxa4 30. bxa4 Rb8 31. Rb1 Rxb1 32. Rxb1 a5 33. Bf3 Ra2 34. Bc6 Re2 35. Kg1 Bc3 36. Kf1 Re5 37. Bb5 f5 38. Rd1 Kf6 39. Kf2 Kg5 40. Be8 Bb4 41. Rc1 Re6 42. Kf3 Bd6 43. Rc4 f4 44. Rd4 Re3+ 45. Kf2 Bc5 46. Rd7 Ra3+ 47. Ke2 Re3+ 48. Kf1 Kf6 49. Rd5 Bb4 50. Rb5 Be1 51. Rb6+ e6 52. Rb1 Bb4 53. Rd1 g5 54. Rd7 Be7 55. Rb7 Re5 56. Kf2 Rd5 57. Ke2 Bd8 58. Bb5 Re5+ 59. Kf2 Be7 60. Rb8 Bb4 61. Rh8 Be1+ 62. Kf1 Bg3 63. Rf8+ Kg7 64. Ra8 Re1# 0-1